00503nam a2200109Ia 4500008004100000020001800041245006300059260002200122650019300144650001200337856004400349171212s9999 xx 000 0 und d a9781925021196 ceditor Nolan, Melanie;Fernon, ChristineaThe ADB’s Story bANU E Pressc2013 aAustralian dictionary of biography -- History; Encyclopedias and dictionaries -- Australia -- History; Biography -- Dictionaries -- History; Australia -- Biography -- History and criticism aHistory uhttp://www.jstor.org/stable/j.ctt5hgxv9